000
00316nam a22001217a 4500
008
170925b xxu||||| |||| 00| 0 eng d
041
_a
eng
080
_a
37
100
_a
46
101
_a
EDU
245
_a
EDUCATIONAL AND PSYCHOLOGICAL MEASUREMENT CONTRIBUTIONS TO THEORY AND PRACTICE
_c
PAYNE,D.A
942
_2
udc
_c
BK
999
_c
29628
_d
29628